000 00377nam a2200145 a 4500
001 4140
005 20140414131852.0
008 090218s19uu xx 00 eng d
050 _aM 635.62
_bK58 1990
100 _aKing, Elizabeth
245 _aThe Pumpkin patch.
260 _aUSA :
_bTroll Communications,
_c1990.
650 _aPumpkin
_xJuvenile literature
999 _c110262
_d110262